Peregrinação (Registo nº 381)

Detalhes MARC
000 -Etiqueta do registo
Cabeçalho 00765nam0a2200253 4500
005 - Identificador da versão
Campo de controlo 20240821224429.0
010 ## - Número internacional normalizado dos livros (ISBN)
Número (ISBN) 9722215612
021 ## - Número do Depósito Legal
Código do país PT
Número 156358/00
100 ## - Dados gerais de processamento
Dados gerais de processamento 20150625d2000 am y0pory5003 ba
101 0# - Língua de publicação
Língua do texto, banda sonora, etc. Português
102 ## - Pais de publicação ou produção
País de publicação Portugal
200 1# - Titulo e menção de responsabilidade
Título próprio Peregrinação
Primeira menção de responsabilidade Fernão Mendes Pinto
Outras menções de responsabilidade condensação e adapt. de Teresa Bernardino
210 ## - Publicação, Distribuição, etc. 
Lugar da edição, distribuição, etc. Lisboa
Nome do editor, distribuidor, etc. Verbo
Data da publicação, distribuição, etc. D.L. 2000
215 ## - Descrição física 
Indicação específica da natureza do documento e extensão da espécie 186, [6] p.
Outras indicações físicas il
225 2# - Colecção 
Título próprio da colecção O prazer de ler
Nome de uma parte ou secção Clássicos juvenis
Indicação de volume 1
300 ## - Notas gerais 
Texto da nota Metas Curriculares
606 ## - Nome comum usado como assunto
Número de registo de entrada de autoridade 0002296
Palavra de ordem Literatura portuguesa
Subdivisão de assunto Viagens
Código do sistema CA
675 ## - Classificação Decimal Universal (CDU)
Notação 821.134.3-992
Edição 3ª ed.
Língua da edição por
700 #1 - Nome de autor-pessoa física (responsabilidade principal)
Número de registo de entrada de autoridade 0002298
Palavra de ordem Pinto
Outra parte do nome não tomada para palavra de ordem Fernão Mendes
Datas 1514?-1583
702 #1 - Nome de autor-pessoa física (responsabilidade secundária)
Número de registo de entrada de autoridade 0002300
Palavra de ordem Bernardino
Outra parte do nome não tomada para palavra de ordem Teresa
Datas 1948-
Código de função Editor literário / Coordenador
942 ## - Elementos de entrada adicionados (Koha)
Tipo de item no Koha Livro
966 ## - Identificação da Biblioteca
Sigla EB2,3ENM
Exemplares
Situação do levantamento Origin of item (home branch) (coded) Biblioteca de empréstimo Código de barras Cota Circulation type (not for loan) Tipo de documento Nota do exemplar Damaged status
  Biblioteca Escolar Eng. Nuno Mergulhão Biblioteca Escolar Eng. Nuno Mergulhão BENM398 82LP-9 PIN MET   Livro Sem mensagem